| 000 | 00480nam a2200181 a 4500 | ||
|---|---|---|---|
| 005 | 20210219152906.0 | ||
| 008 | 991125n 000 0 eng u | ||
| 035 | _aUPN01000065837 | ||
| 100 | _aFOCHESATO, Walter | ||
| 222 | _aEDUCATORE | ||
| 245 | _aBande, brividi, biblioteche : il giallo per ragazzi | ||
| 300 | _a21-23,31 | ||
| 362 | _a1993 Anno 40, no. 23, iun | ||
| 653 | 0 | _aBIBLIOTECAS | |
| 653 | 0 | _aFOMENTO A LA LECTURA | |
| 904 |
_aAC _b003648 |
||
| 905 | _aArticulo | ||
| 999 |
_c63156 _d63156 |
||